| 000 | 01268nam0a2200325 4500 | ||
|---|---|---|---|
| 001 | RU\NLR\bibl\68450 | ||
| 005 | 20260406114540.0 | ||
| 010 |
_a5-09-009487-Х _930000 |
||
| 021 |
_aRU _b1999-37674 _91857 |
||
| 035 | _a(NLR Aleph) 000066766 | ||
| 090 |
_a366329 _c366329 |
||
| 100 | _a20000203d1999 |||y0rusy50 ca | ||
| 101 | 0 | _arus | |
| 102 | _aRU | ||
| 105 | _aa ||||||||| | ||
| 200 | 1 |
_aПрирода и человек _eРабочая тетр. _e5 кл. _fВ. И. Сивоглазов, А. А. Плешаков |
|
| 205 | _a2-е изд. | ||
| 210 |
_aМ. _cПросвещение _d1999 |
||
| 215 |
_a74, [4] с. _cил., цв. ил., карт. _d22 |
||
| 606 | 0 |
_aПрирода и человек _xИзучение в школе _92107938 _3RU\NLR\auth\661274188 |
|
| 686 | _aЧ426.44,6(2)1 | ||
| 700 | 1 |
_aСивоглазов _bВ. И. _gВладислав Иванович _4070 |
|
| 701 | 1 |
_4070 _7ca _8rus _aПлешаков _bА. А. _f1958 - _gАндрей Анатольевич _9110355 _3RU\NLR\auth\77300 |
|
| 801 | 0 |
_aRU _bNLR _c20000203 _gPSBO |
|
| 801 | 1 |
_aRU _bNLR _c20000203 |
|
| 830 | _aАвт. раскрыты по кн. | ||
| 852 |
_aNLR _j99-6/1277 |
||
| 942 | _cBOOK | ||
| 980 | _aNB | ||